000 01035namaa22002291 4500
001 174128
003 ES-MaACL
005 20250815105800.0
008 100223s1912 sp |||| | spa d
080 _a551.7(46-17)
080 _a551.7(469-17)
100 1 _aHernández-Pacheco, Eduardo,
_d1872-1965
_963012
245 1 0 _aEnsayo de síntesis geológica del norte de la Península Ibérica /
_cPor Eduardo-Hernández Pacheco.
260 _aMadrid :
_bJunta para Ampliación de Estudios é Investigaciones Científicas, Instituto Nacional de Ciencias Físico-Naturales,
_c1912.
300 _a136 p. :
_bil. ;
_c24 cm.
490 1 _aTrabajos del Museo de Ciencias Naturale. Serie geológica ;
_v3
650 4 _aEstratigrafía-
_zEspaña septentrional.
_9142210
650 4 _aEstratigrafía-
_zPortugal septentrional.
_9142211
830 0 0 _aTrabajos del Museo Nacional de Ciencias Naturales.
_pSerie geológica
_v3
_9189286
852 _aES-MaACL
_jB-13126(3)
_z.- Encuadernado con otras obras
999 _c174128
_d174128